<?xml version="1.0" encoding="UTF-8"?>
<record
    xmlns:xsi="http://www.w3.org/2001/XMLSchema-instance"
    xsi:schemaLocation="http://www.loc.gov/MARC21/slim http://www.loc.gov/standards/marcxml/schema/MARC21slim.xsd"
    xmlns="http://www.loc.gov/MARC21/slim">

  <leader>01126nam a2200277 i 4500</leader>
  <controlfield tag="003">DO-SdBNP</controlfield>
  <controlfield tag="005">20240910133912.0</controlfield>
  <controlfield tag="007">ta</controlfield>
  <controlfield tag="008">220622e1998    dr ||||erlg|| 000 0dspa d</controlfield>
  <datafield tag="040" ind1=" " ind2=" ">
    <subfield code="a">DO-SdBNP</subfield>
    <subfield code="b">spa</subfield>
    <subfield code="c">BNPHU</subfield>
    <subfield code="e">rda</subfield>
  </datafield>
  <datafield tag="082" ind1=" " ind2="4">
    <subfield code="a">342.7293085</subfield>
    <subfield code="b">F316d</subfield>
    <subfield code="2">22</subfield>
  </datafield>
  <datafield tag="100" ind1="1" ind2=" ">
    <subfield code="a">F&#xE9;liz Vidal, Carlos Julio,</subfield>
    <subfield code="e">autor</subfield>
    <subfield code="4">aut.</subfield>
    <subfield code="9">65284</subfield>
  </datafield>
  <datafield tag="245" ind1="1" ind2="0">
    <subfield code="a">Derechos individuales :</subfield>
    <subfield code="b">la libertad individual en Rep&#xFA;blica Dominicana : bases para un nuevo estado de derechos /</subfield>
    <subfield code="c">Carlos Feliz Vidal ; pr&#xF3;logo, Lucy Cosme, editor, Octavio F&#xE9;liz Vidal.</subfield>
  </datafield>
  <datafield tag="264" ind1=" " ind2="1">
    <subfield code="a">Ban&#xED;, Rep. Dom. :</subfield>
    <subfield code="b">Mansi&#xF3;n CIEMPS Editorial, </subfield>
    <subfield code="c">1998.</subfield>
  </datafield>
  <datafield tag="300" ind1=" " ind2=" ">
    <subfield code="a">105 p&#xE1;ginas ;</subfield>
    <subfield code="c">21 cm.</subfield>
  </datafield>
  <datafield tag="336" ind1=" " ind2=" ">
    <subfield code="2">rdacontent</subfield>
    <subfield code="a">texto</subfield>
    <subfield code="b">txt</subfield>
  </datafield>
  <datafield tag="337" ind1=" " ind2=" ">
    <subfield code="2">rdamedia</subfield>
    <subfield code="a">sin mediaci&#xF3;n</subfield>
    <subfield code="b">n</subfield>
  </datafield>
  <datafield tag="338" ind1=" " ind2=" ">
    <subfield code="2">rdacarrier</subfield>
    <subfield code="a">volumen</subfield>
    <subfield code="b">nc</subfield>
  </datafield>
  <datafield tag="500" ind1=" " ind2=" ">
    <subfield code="a">Incluye datos biogr&#xE1;ficos del autor en la contracubierta.</subfield>
  </datafield>
  <datafield tag="590" ind1=" " ind2=" ">
    <subfield code="a">Inventariado 2022 / MF</subfield>
  </datafield>
  <datafield tag="650" ind1=" " ind2="0">
    <subfield code="a">Derecho civil</subfield>
    <subfield code="9">5702</subfield>
    <subfield code="z">Rep&#xFA;blica Dominicana</subfield>
  </datafield>
  <datafield tag="700" ind1="1" ind2=" ">
    <subfield code="a">Cosme, Lucy,</subfield>
    <subfield code="e">prologuista </subfield>
    <subfield code="9">81902</subfield>
    <subfield code="4">pr.</subfield>
  </datafield>
  <datafield tag="700" ind1="1" ind2=" ">
    <subfield code="a">F&#xE9;liz Vidal, Octavio,</subfield>
    <subfield code="e">editor</subfield>
    <subfield code="9">18303</subfield>
    <subfield code="4">ed.</subfield>
  </datafield>
  <datafield tag="910" ind1=" " ind2=" ">
    <subfield code="a">MFeliz/Validado. Control de calidad MFF</subfield>
  </datafield>
  <datafield tag="942" ind1=" " ind2=" ">
    <subfield code="2">ddc</subfield>
    <subfield code="c">LBS1</subfield>
  </datafield>
  <datafield tag="952" ind1=" " ind2=" ">
    <subfield code="0">0</subfield>
    <subfield code="1">0</subfield>
    <subfield code="2">ddc</subfield>
    <subfield code="5">1</subfield>
    <subfield code="7">0</subfield>
    <subfield code="8">PD</subfield>
    <subfield code="a">BNPHU</subfield>
    <subfield code="b">BNPHU</subfield>
    <subfield code="c">HD</subfield>
    <subfield code="d">2020-11-05</subfield>
    <subfield code="e">Donado por Jos&#xE9; Polanco</subfield>
    <subfield code="l">0</subfield>
    <subfield code="o">BNPHU PD 342.7293085 F316d</subfield>
    <subfield code="p">2022-3145</subfield>
    <subfield code="r">2022-06-22</subfield>
    <subfield code="w">2022-06-22</subfield>
    <subfield code="y">LBS1</subfield>
  </datafield>
  <datafield tag="952" ind1=" " ind2=" ">
    <subfield code="0">0</subfield>
    <subfield code="1">0</subfield>
    <subfield code="2">ddc</subfield>
    <subfield code="5">1</subfield>
    <subfield code="7">0</subfield>
    <subfield code="8">PD</subfield>
    <subfield code="a">BNPHU</subfield>
    <subfield code="b">BNPHU</subfield>
    <subfield code="c">HD</subfield>
    <subfield code="d">2020-11-05</subfield>
    <subfield code="e">Donado por Jos&#xE9; Polanco</subfield>
    <subfield code="l">0</subfield>
    <subfield code="o">BNPHU PD 342.7293085 F316d</subfield>
    <subfield code="p">2022-3146</subfield>
    <subfield code="r">2022-06-22</subfield>
    <subfield code="t">e.2</subfield>
    <subfield code="w">2022-06-22</subfield>
    <subfield code="y">LBS1</subfield>
  </datafield>
  <datafield tag="952" ind1=" " ind2=" ">
    <subfield code="0">0</subfield>
    <subfield code="1">0</subfield>
    <subfield code="2">ddc</subfield>
    <subfield code="5">6</subfield>
    <subfield code="7">0</subfield>
    <subfield code="8">DS</subfield>
    <subfield code="a">BNPHU</subfield>
    <subfield code="b">BNPHU</subfield>
    <subfield code="c">HD</subfield>
    <subfield code="d">2020-11-05</subfield>
    <subfield code="e">Donado por Jos&#xE9; Polanco</subfield>
    <subfield code="l">0</subfield>
    <subfield code="o">BNPHU DS 342.7293085 F316d</subfield>
    <subfield code="p">2022-3147</subfield>
    <subfield code="r">2022-06-22</subfield>
    <subfield code="t">e.3</subfield>
    <subfield code="w">2022-06-22</subfield>
    <subfield code="y">LBS1</subfield>
  </datafield>
  <datafield tag="952" ind1=" " ind2=" ">
    <subfield code="0">0</subfield>
    <subfield code="1">0</subfield>
    <subfield code="2">ddc</subfield>
    <subfield code="5">6</subfield>
    <subfield code="7">0</subfield>
    <subfield code="8">DS</subfield>
    <subfield code="a">BNPHU</subfield>
    <subfield code="b">BNPHU</subfield>
    <subfield code="c">HD</subfield>
    <subfield code="d">2020-11-05</subfield>
    <subfield code="e">Donado por Jos&#xE9; Polanco</subfield>
    <subfield code="o">BNPHU DS 342.7293085 F316d</subfield>
    <subfield code="p">2022-3198</subfield>
    <subfield code="r">2022-06-22</subfield>
    <subfield code="t">e.4</subfield>
    <subfield code="w">2022-06-22</subfield>
    <subfield code="y">LBS1</subfield>
  </datafield>
  <datafield tag="952" ind1=" " ind2=" ">
    <subfield code="0">0</subfield>
    <subfield code="1">0</subfield>
    <subfield code="2">ddc</subfield>
    <subfield code="5">6</subfield>
    <subfield code="7">0</subfield>
    <subfield code="8">DS</subfield>
    <subfield code="a">BNPHU</subfield>
    <subfield code="b">BNPHU</subfield>
    <subfield code="c">CT</subfield>
    <subfield code="d">2020-11-05</subfield>
    <subfield code="e">Donado por Jos&#xE9; Polanco</subfield>
    <subfield code="o">BNPHU DS 342.7293085 F316d</subfield>
    <subfield code="p">2022-3199</subfield>
    <subfield code="r">2022-06-22</subfield>
    <subfield code="t">e.5</subfield>
    <subfield code="w">2022-06-22</subfield>
    <subfield code="y">LBS1</subfield>
  </datafield>
  <datafield tag="999" ind1=" " ind2=" ">
    <subfield code="c">52090</subfield>
    <subfield code="d">52090</subfield>
  </datafield>
</record>
